Anthropology relativism and method (Record no. 479288)

MARC details
000 -LEADER
fixed length control field 00828nam a2200265Ia 4500
003 - CONTROL NUMBER IDENTIFIER
control field OSt
005 - DATE AND TIME OF LATEST TRANSACTION
control field 20220925170124.0
008 - FIXED-LENGTH DATA ELEMENTS--GENERAL INFORMATION
fixed length control field 220923b |||||||| |||| 00| 0 eng d
020 ## - INTERNATIONAL STANDARD BOOK NUMBER
International Standard Book Number 9023208552
037 ## - SOURCE OF ACQUISITION
Terms of availability General Book
040 ## - CATALOGING SOURCE
Original cataloging agency RTL
Transcribing agency RTL
Language of cataloging eng
041 ## - LANGUAGE CODE
Source of code eng
Language code of text/sound track or separate title eng
100 ## - MAIN ENTRY--PERSONAL NAME
Personal name Tennekes J
9 (RLIN) 235820
245 #0 - TITLE STATEMENT
Title Anthropology relativism and method
Remainder of title An inquiry into the methodological principal of a science of culture
260 ## - PUBLICATION, DISTRIBUTION, ETC.
Place of publication, distribution, etc. Assen
Name of publisher, distributor, etc. Van Gorcum and Comp Netherland
Date of publication, distribution, etc. 1971
300 ## - PHYSICAL DESCRIPTION
Extent iii, 228p
Dimensions cm.
490 ## - SERIES STATEMENT
Series statement Studies of Developing Countries. Ed by L H Janssen etc
500 ## - GENERAL NOTE
General note Litreature/Bibliography:P221-28
650 ## - SUBJECT ADDED ENTRY--TOPICAL TERM
Topical term or geographic name entry element Race
942 ## - ADDED ENTRY ELEMENTS (KOHA)
Classification part Y7b4, L1
Koha item type General Books
Source of classification or shelving scheme Colon Classification (CC)
Holdings
Withdrawn status Lost status Damaged status Not for loan Home library Current library Date acquired Total Checkouts Full call number Barcode Date last seen Price effective from Koha item type
        Ratan Tata Library Ratan Tata Library 2022-09-25   Y7b4 L1 RT0576019 2022-09-25 2022-09-25 General Books
Copyright @ Delhi University Library System